Písanie záverečných prác na kvalifikačné skúšky pedagogických zamestnancov

Bibliographic Details
Main Author: Turek, Ivan, 1944-2016 (Author)
Format: Book
Language:Slovak
PhysicalDescription:48 s. 21 cm
Published: Bratislava Metodicko-pedagogické centrum 2006
ISBN:8080522510
Edition:2. vyd.
Subjects:

MARC

LEADER 00000nam a2200000 a 4500
001 vtls008876062
003 SK-MaSNL
005 20260301080429.0
008 240314s2006 xo g 000 0 slo
015 |a SNBA2006/11-05455 
020 |a 8080522510  |q (brož.) 
035 |a 29ADF513-61F6-43F0-857F-75D43F448E67 
035 |a urn:nbn:sk:snk-aml19m 
035 |a urn:nbn:sk:snk-am008muz 
040 |a SNK  |b slo  |c SNK  |e AACR2 
041 0 |a slo 
044 |a xo  |c SK 
072 7 |a 378  |x Vysoké školy  |2 konspekt 
080 |a 371.279.8  |2 2001 
080 |a 378.244  |2 2001 
080 |a (072)  |2 2001 
080 |a (041)  |2 2001 
100 1 |a Turek, Ivan,  |d 1944-2016  |4 aut  |9 213793 
245 1 0 |a Písanie záverečných prác na kvalifikačné skúšky pedagogických zamestnancov  |c Ivan Turek 
250 |a 2. vyd. 
260 |a Bratislava  |b Metodicko-pedagogické centrum  |c 2006 
300 |a 48 s.  |c 21 cm 
504 |a Bibliogr. s. 48 
650 0 7 |a záverečné práce  |2 SNKPH  |9 75084 
650 0 7 |a odborné písomné práce  |2 SNKPH  |9 3504 
655 7 |a metodické príručky  |2 SNKPH  |9 70250 
655 7 |a brožúry  |2 SNKPH  |9 70146 
919 |a 80-8052-251-0 
958 |a OND 
999 |c 653152  |d 655082 
952 |a SNK  |b SNK  |y PREZ  |7 0  |p 17A0529033  |o snkSC 125415  |i snk2006/23422  |8 0  |0 0  |1 0  |4 0  |d 2006-11-09  |f 1  |l 0  |r 2025-06-09 00:00:00  |w 2026-02-23 
952 |a SNK  |b SNK  |y VYP  |7 0  |p 17A0529024  |o snkSC 125415 D1  |i snk2006/23423  |8 0  |0 0  |1 0  |4 0  |d 2006-11-09  |l 0  |r 2026-02-23 18:27:54  |w 2026-02-23